Wo ist der Kokainkonsum am höchsten? - Statistiken

Allgemein
  • Dieses Quiz wurde 156 mal gespielt
  • Das Durchschnittsergebnis liegt bei 4 aus 10
Antwortstatistiken
Quote Land % Korrekt
2,70 % Vereinigte Staaten
96%
2,20 % Spanien
61%
2,50 % Australien
60%
2,20 % Niederlande
59%
1,67 % Argentinien
48%
2,67 % Großbritannien
37%
1,60 % Dänemark
32%
1,80 % Uruguay
25%
2,50 % Albanien
13%
1,80 % Montenegro
4%
Keine übereinstimmenden Quizze gefunden
Verteilung der Resultate
Anzahl Personen mit jedem Resultat
Perzentil nach korrekt beantworteten Fragen
Ihre Resultats-Entwicklung
Sie haben dieses Quiz noch nicht gespielt